| 000 | 00813nam a2200217 i 4500 | ||
|---|---|---|---|
| 001 | 169796 | ||
| 003 | ES-MaACL | ||
| 005 | 20250716063333.0 | ||
| 008 | 081128s1972 fr af |||| |dfre d | ||
| 080 | _a821.133.1-2"17" | ||
| 100 | 0 |
_aVoltaire, _d1694-1778 _9115721 |
|
| 245 | 1 | 0 |
_aZaïre _b: tragédie / _cVoltaire ; avec une notice biographique, une notice historique et littéraire, un index... par Claude Blum. |
| 260 |
_aSorbonne [Paris] : _bLibrairie Larousse, _c1972. |
||
| 300 |
_a176 p., [1] p. de lám. col. : _bil. ; _c17 cm. |
||
| 490 | 1 | _aNouveaux classiques Larousse | |
| 500 | _aÍndice. | ||
| 700 | 1 |
_aBlum, Claude. _9138965 |
|
| 830 | 0 |
_aNouveaux classiques Larousse _9186641 |
|
| 852 |
_aES-MaACL _jE-12287 _z. - Biblioteca Jacinto Martínez Lacalle |
||
| 999 |
_c169796 _d169796 |
||